| 000 | 00640cam a22002173a 4500 | ||
|---|---|---|---|
| 001 | 37106 | ||
| 003 | PGUSA | ||
| 005 | 20140828083820.0 | ||
| 008 | 110816s2011||||xxu|||||s|||||000 | eng d | ||
| 040 |
_aPGUSA _beng |
||
| 042 | _adc | ||
| 100 | 1 |
_aAlcott, Louisa May, _d1832-1888 |
|
| 245 | 1 | 0 |
_aLittle Women; Or, Meg, Jo, Beth, and Amy _h[electronic resource] / _cLouisa May Alcott |
| 260 |
_bProject Gutenberg, _c2011 |
||
| 506 | _aPublic domain in the USA. | ||
| 516 | _aElectronic text | ||
| 700 | 1 |
_aMerrill, Frank T., _d1848- |
|
| 830 | 0 |
_aProject Gutenberg _v37106 |
|
| 856 | 4 | 0 | _uhttp://www.gutenberg.org/ebooks/37106 |
| 942 | _cEB | ||
| 999 |
_c266361 _d266361 |
||